000 00567nam a2200229Ia 4500
003 OSt
005 20220918201829.0
006 a|||||r|||| 00| 0
007 ta
008 220917b |||||||| |||| 00| 0 eng d
024 _a96,794
037 _cTextual
040 _aARTS
_cARTS
_beng
041 _2eng
_aeng
082 _aV2:21xM94z7, J9.1
100 _aGiri V V
_998609
245 0 _aLeaves from a governor's dairy
260 _c1959
650 _aHISTORY
942 _hV2:21xM94z7, J9.1
_cTEXL
_2CC
999 _c220395
_d220395